Visualizzazione normale
Vista MARC
- Rivas-Caballero, Sonnia L.
di Personal Name
Records bibliografici associati: 3
001 - CONTROL NUMBER
- control field: 6724
003 - CONTROL NUMBER IDENTIFIER
- control field: IT-RoINE
005 - DATE AND TIME OF LATEST TRANSACTION
- control field: 20211223125226.0
008 - FIXED-LENGTH DATA ELEMENTS
- fixed length control field: 140424|| aca||aabn | a|a d
040 ## - CATALOGING SOURCE
- Original cataloging agency: IT-RoINE
- Transcribing agency: IT-RoINE
100 1# - HEADING--PERSONAL NAME
- Personal name: Rivas-Caballero, Sonnia L.
400 1# - SEE FROM TRACING--PERSONAL NAME
- Personal name: Rivas, Sonia
400 1# - SEE FROM TRACING--PERSONAL NAME
- Personal name: Rivas Caballero, Sonnia L.
670 ## - SOURCE DATA FOUND
- Source citation: Work cat.: (IT-RoINE)0: Yuste, Belén 6723, Una carmelita en Flandes :, 2008.